Príliš chudobní na kúpu vlastného majetku kapitoly z histórie kapitálového trhu v SR
Dvadsať rokov od založenia kapitálového trhu na Slovensku. Vznik burzy cenných papierov v Bratislave. Privatizácia ako začiatok kapitálového trhu v SR. Privatizačné programy a metódy. Reforma finančného systému a finančná politika vtedajšej vlády. Transformácia slovenskej ekonomiky. Vytvorenie novéh...
Guardado en:
| Autor principal: | |
|---|---|
| Formato: | Capítulo de libro |
| Lenguaje: | eslovaco |
| Materias: | |
| Etiquetas: |
Sin Etiquetas, Sea el primero en etiquetar este registro!
|
MARC
| LEADER | 00000naa$a2200000$$$4500 | ||
|---|---|---|---|
| 001 | 0112774 | ||
| 005 | 20231019091444.9 | ||
| 041 | 0 | |a slo | |
| 044 | |a SK | ||
| 245 | 1 | 0 | |a Príliš chudobní na kúpu vlastného majetku |b kapitoly z histórie kapitálového trhu v SR |c Vladimír Baláž |
| 520 | |a Dvadsať rokov od založenia kapitálového trhu na Slovensku. Vznik burzy cenných papierov v Bratislave. Privatizácia ako začiatok kapitálového trhu v SR. Privatizačné programy a metódy. Reforma finančného systému a finančná politika vtedajšej vlády. Transformácia slovenskej ekonomiky. Vytvorenie nového kapitálu. Prerozdelenie vlastníckych práv. | ||
| 610 | 2 | 0 | |a Slovensko |
| 610 | 2 | 0 | |a história |
| 610 | 2 | 0 | |a trh kapitálový |
| 610 | 2 | 0 | |a privatizácia |
| 610 | 2 | 0 | |a reformy hospodárske |
| 610 | 2 | 0 | |a burzy cenných papierov |
| 610 | 2 | 0 | |a transformácia |
| 610 | 2 | 0 | |a právo vlastnícke |
| 100 | 1 | |a Baláž, Vladimír | |